Tajný život farieb /

Na minha lista:
Detalhes bibliográficos
Autor principal: St. Clair, Kassia (Author)
Formato: Livro
Idioma:eslovaco
Publicado em: Bratislava : Ikar, a.s., 2024
Edição:1. vydanie
Assuntos:
Tags: Adicionar Tag
Sem tags, seja o primeiro a adicionar uma tag!

MARC

LEADER 00000nam a22000003a 4500
001 0111832
003 SK-STU
005 20241017153641.2
007 ta
008 241017s ----xo-----e------000-0-----d
020 |a 978-80-551-9307-6 
040 |a STU  |b slo 
041 0 |a slo 
044 |a xo 
100 1 |a St. Clair, Kassia  |4 aut 
245 1 0 |a Tajný život farieb /  |c aut. Kassia St. Clair 
250 |a 1. vydanie 
260 |a Bratislava :  |b Ikar, a.s.,  |c 2024 
300 |a 320 s. 
650 0 7 |a dejiny 
650 0 7 |a farba a dizajn 
650 0 7 |a móda 
650 0 7 |a kultúrna politika 
650 0 7 |a umenie 
650 0 7 |a civilizácia 
650 0 7 |a vojenská história 
996 |b 284AU10127  |c A* 13441/U  |l AAKNST  |s P  |a 0  |w 0111832_0001 
996 |b 284AU10128  |c A* 13442/U  |l AAKNAR  |s A  |a 24  |w 0111832_0002